Facultad de Derecho – Universidad Nacional de Mar del Plata

Codigo penal de la Nacion Argentina: (Record no. 5374)

MARC details
000 -CABECERA
campo de control de longitud fija 00433nam a22001337a 4500
080 ## - NUMERO DE CLASIFICACION DECIMAL UNIVERSAL (CDU)
Número de la Clasificación Decimal Universal 343 (82) C 498
245 ## - MENCION DE TITULO
Título propiamente dicho Codigo penal de la Nacion Argentina:
Parte restante del título leyes Complementarias
250 ## - MENCION DE EDICION
Mención de edición 14 Ed.- 2° Reimp. 2014- 24° Ed. 2019
260 ## - PUBLICACION, DISTRIBUCION, ETC. (PIE DE IMPRENTA)
Lugar de publicación, distribución, etc. Ciudad Autonoma de Buenos Aires:
Nombre del editor, distribuidor, etc. Del Pais,
Fecha de publicación, distribución, etc. 2014- 2019
300 ## - DESCRIPCION FISICA
Extensión 372 P.
650 ## - ASIENTO SECUNDARIO DE MATERIA - TERMINO TEMATICO
Subdivisión general codigo penal
-- legislacion complementaria
-- derecho penal
942 ## - ELEMENTOS AGREGADOS (KOHA)
Clasificación normalizada de Koha para alfabetizar _
945 ## - INFORMACION DE PROCESAMIENTO LOCAL
Responsable de carga/modificación Celeste Delía
AAAA-MM-DD - Fecha de ingreso/modificación 2024-03-19
Holdings
Retirado Perdido Fuente de clasificación Dañado No se presta Ubicación permanente Locación actual Estante o sala Fecha de adquisición Total préstamos Total renovaciones Signatura topográfica Inventario Ultima fecha vista Ultima fecha prestado Fecha del precio Tipo de item de Koha
          Bib. Derecho Bib. Derecho Sector Prestamo 19/03/2024 5 2 343 (82) C 498 204470 22/10/2025 14/10/2025 19/03/2024 LIBRO
          Bib. Derecho Bib. Derecho Sector Prestamo 16/04/2024 3   343 (82) C 498 204477 15/10/2025 14/10/2025 16/04/2024 LIBRO

XHTML | CSS | ©Biblioteca Central - Dto. Tecnología de la Información - [ Con tecnología Koha ]